[Event "Beacon Seniors op 60+"]
[Site "Exmouth"]
[Date "2005.11.15"]
[Round "2"]
[White "Frost, William A"]
[Black "Annetts, Ivor S"]
[Result "1-0"]
[WhiteElo "1288"]
[BlackElo "1736"]
[PlyCount "71"]
[EventDate "2005.11.14"]
[EventType "swiss"]
[EventRounds "5"]
[EventCountry "ENG"]
[SourceTitle "EXT 2007"]
[Source "ChessBase"]
[SourceDate "2006.11.23"]
[SourceVersion "1"]
[SourceVersionDate "2006.11.23"]
[SourceQuality "1"]

1. Nf3 Nf6 2. d3 d5 3. Nbd2 Nbd7 4. g3 e5 5. e4 Bc5 6. Bg2 0-0 7. 0-0 c6 8. c3 dxe4 9. dxe4 Qe7 10. Qe2 Rd8 11. Rd1 Ng4 12. Rf1 Ndf6 13. h3 Nxf2 14. Rxf2 Nh5 15. Nf1 Bxf2+ 16. Qxf2 Qd6 17. Bg5 f6 18. Be3 Be6 19. Bc5 Qd7 20. Qe2 g6 21. Kh2 b6 22. Be3 c5 23. Qf2 Qa4 24. N3d2 c4 25. g4 Ng7 26. Qxf6 Qb5 27. Bh6 Rd7 28. Bxg7 Rxg7 29. Qxe6+ Rf7 30. Qxc4 Qxb2 31. Rb1 Qa3 32. Qb3 Qc5 33. Qd5 Qf8 34. Nf3 Rd8 35. Qb3 Kg7 36. Ng5 1-0